Представление документа в формате RUSMARC

ПолеНазваниеЗначение
  Тип записи a
  Библиографический уровень c
001 Контрольный номер RU/SLIB/B/208772211
005 Дата корректировки 20221116115033.5
010 Индекс ISBN __
d Цена 0-90; 1700-00
101 Язык документа 0_
a Язык текста rus
200 Заглавие и сведения об ответственности 1_
a Заглавие Собрание сочинений
f Первые сведения об ответственности А. И. Герцен ; сост. и общ. ред. С. И. Машинского
b Общее обозначение материала Текст
i Наименование части Старые письма
i Наименование части Былое и думы
h Номер части Т. 7, ч. 6-8
210 Выходные данные 1_
a Место издания М.
c Издательство Правда
d Дата издания 1975
215 Физическое описание __
a Объем 606 с.
225 Серия 2_
a Серия Библиотека отечественной классики
225 Серия 2_
a Серия Библиотека журнала "Огонек"
327 Примечание о содержании 0_
a Примечание о содержании Старые письма
606 Тематические рубрики __
a Основная рубрика Художественная литература
z Хронологическая подрубрика 19 в.
y Географическая подрубрика Россия
606 Тематические рубрики __
a Основная рубрика Русская литература XIX в. (произведения)
610 Ключевые слова 0_
a Ключевые слова письма; прозаики; писатели
686 Индексы других классификаций __
a Классификационный индекс 84(2=411.2)52-4
700 Автор _1
a Фамилия Герцен
b Имя А. И.
4 Код отношения 070
702 Вторичная интеллектуальная ответственность _1
a Фамилия Машинский
b Имя С. И.
4 Код отношения Составитель
4 Код отношения 220
4 Код отношения 340
801 Источник записи _0
a Страна RU
b Организация Муниципальное бюджетное учреждение культуры "Централизованная библиотечная система" г. Сургут (Центральная городская библиотека им. А. С. Пушкина)
g Правила каталогизации КиК/Михайлова
801 Источник записи _1
a Страна RU
b Организация Муниципальное бюджетное учреждение культуры "Централизованная библиотечная система" г. Сургут (Центральная городская библиотека им. А. С. Пушкина)
g Правила каталогизации КиК/Михайлова
852 Данные о местонахождении __
j Шифр хранения 84(2=411.2)52-4
i Авторский знак Г 41
p Инвентарный номер 14343(п); 47214(с); 63611
901 Тип документа __
t Тип документа x
969 Тип издания __
a Тип издания сборник
990 Данные о заказе (DOS) __
j Количество экземпляров (DOS) 3
t N записи в КСУ для И/У (DOS) ретро